[Event "Lions Cup Helsinki"]
[Site "SchemingMind.com"]
[Date "2015.01.29"]
[Round "-"]
[White "andrew.ritzmann"]
[Black "Paul7926"]
[Result "0-1"]
[WhiteCountry "USA"]
[BlackCountry "ENG"]
[WhiteElo "1204"]
[WhiteRD "103"]
[BlackElo "1363"]
[BlackRD "76"]
[GameID "373868"]

1. d4 d5 2. c4 e6 3. Nc3 Nf6 4. Nf3 dxc4 5. Bg5 Bb4 6. e4 Nbd7 7. Bxc4 Nb6 8. Qd3 Nxc4 9. Qxc4 Bxc3+ 10. bxc3 O-O
11. O-O b6 12. Ne5 Bb7 13. Nc6 Bxc6 14. Qxc6 Qd7 15. Qb7 Rfb8 16. Qa6 Nxe4 17. Bf4 b5 18. f3 Nxc3 19. Qa5 Ne2+ 20. Kf2 Nxf4
21. Qd2 c5 22. Qxf4 Qxd4+ 23. Kg3 Rd8 24. Rab1 b4 25. Rfd1 Qxf4+ 26. Kxf4 a5 27. Rdc1 Rac8 28. g4 Rd4+ 29. Kg3 c4 30. h3 c3
31. Rc2 Rd2 32. Rbc1 Rcd8 33. a3 R8d3 34. a4 Rxc2 35. Rxc2 b3 36. Re2 c2
0-1

[Event "Lions Cup Helsinki"]
[Site "SchemingMind.com"]
[Date "2015.02.01"]
[Round "-"]
[White "kenneth m day"]
[Black "Clive Everill"]
[Result "1-0"]
[WhiteCountry "USA"]
[BlackCountry "CZE"]
[WhiteElo "1769"]
[WhiteRD "52"]
[BlackElo "1665"]
[BlackRD "55"]
[GameID "373960"]

1. e4 e5 2. f4 exf4 3. Nf3 h6 4. d4 g5 5. Nc3 d6 6. Bc4 Bg7 7. Qe2 Ne7 8. Bd2 Nbc6 9. O-O-O Bxd4 10. Be1 Be3+
11. Kb1 Na5 12. Bb5+ c6 13. Ba4 Be6 14. Bd2 Nc4 15. Bxe3 Nxe3 16. Rd2 Qc7 17. Nd1 Bc4 18. Qf2 Ng4 19. Qd4 Bxa2+ 20. Kxa2 O-O-O
21. h3 Ne5 22. Bb3 f6 23. Qxa7 Kd7 24. Qd4 Ke8 25. Nc3 Kf8 26. Ra1 Kg7 27. Nxe5 fxe5 28. Qc4 Rhf8 29. Qe6 Rf6 30. Qg4 Ra8+
31. Kb1 Rxa1+ 32. Kxa1 Qa5+ 33. Kb1 d5 34. exd5 cxd5 35. Re2 Ra6 36. Na2 Qc5 37. Rxe5 Qg1+ 38. Nc1 Qc5 39. Qe2 Kf6 40. Nd3 Qg1+
41. Ne1 Qc5 42. Nd3 Qg1+ 43. Qe1 Qxe1+ 44. Rxe1 Rd6 45. Rd1 b6 46. Nb4 d4 47. c3 Nf5 48. cxd4 Nxd4 49. Bc4 Ke5 50. Nd3+ Kf5
51. Re1 Kf6 52. Nf2 Rc6 53. Ng4+ Kg7 54. Bd3 Nb3 55. Ne5 Rc7 56. Nc4 b5 57. Na3 b4 58. Nc4 Nc5 59. Bf5 b3 60. Rc1 Ra7
61. Na3 Na4 62. Be6 Rb7 63. Rc4 Ra7 64. Rb4 Nc5 65. Bxb3 Nxb3 66. Rxb3 Re7 67. Rf3 Re1+ 68. Ka2 Rg1 69. Rf2 Kg6 70. b4 Rd1
71. b5 Rd8 72. b6 Rb8 73. Nc4 Kf6 74. Re2 Rb7 75. Kb3 h5 76. Kb4 g4 77. Kb5 Rd7 78. Kc6 Rd8 79. Nd6 f3 80. gxf3 gxf3
81. Rf2 Ke6 82. Nb5 Ke7 83. Rxf3 Rc8+ 84. Nc7 Kd8 85. Rd3+
1-0

[Event "Lions Cup Helsinki"]
[Site "SchemingMind.com"]
[Date "2015.02.01"]
[Round "-"]
[White "Phillip Beckett"]
[Black "kenneth m day"]
[Result "0-1"]
[WhiteCountry "ENG"]
[BlackCountry "USA"]
[WhiteElo "1566"]
[WhiteRD "46"]
[BlackElo "1730"]
[BlackRD "50"]
[GameID "373961"]

1. e4 e5 2. Nf3 Nc6 3. Bb5 a6 4. Bxc6 dxc6 5. d4 exd4 6. Qxd4 Qxd4 7. Nxd4 Bd7 8. Be3 O-O-O 9. Nd2 Bd6 10. O-O-O Nf6
11. f3 Rhe8 12. g3 Be5 13. Nc4 Bxd4 14. Bxd4 Be6 15. Ne3 Nh5 16. Bc3 f6 17. Rxd8+ Rxd8 18. Rd1 Rd6 19. Rxd6 cxd6 20. Ng2 d5
21. g4 dxe4 22. gxh5 exf3 23. Ne3 Bh3 24. Be1 f5 25. Bf2 f4 26. Nc4 Kd7 27. Ne5+ Ke6 28. Nxf3 Bg4 29. Nd4+ Ke5 30. Nb3 Bxh5
31. Kd2 g5 32. Nd4 c5 33. Nb3 b6 34. Nc1 Ke4 35. b4 Kf3 36. Ke1 Kg2 37. bxc5 bxc5 38. Bxc5 Kxh2 39. Ne2 f3 40. Ng1 g4
41. Bd6+ Kxg1 42. Bg3 Kg2 43. Bh4 g3
0-1

[Event "Lions Cup Helsinki"]
[Site "SchemingMind.com"]
[Date "2015.02.01"]
[Round "-"]
[White "kenneth m day"]
[Black "Beefmaster"]
[Result "0-1"]
[WhiteCountry "USA"]
[BlackCountry "USA"]
[WhiteElo "1730"]
[WhiteRD "50"]
[BlackElo "1659"]
[BlackRD "83"]
[GameID "373962"]

1. e4 e5 2. f4 exf4 3. Nf3 Bc5 4. d4 Bb6 5. Bc4 Qe7 6. Nc3 Nf6 7. O-O O-O 8. Bxf4 Qb4 9. Bb3 Nc6 10. a3 Qe7
11. Qd3 Ng4 12. h3 Nf6 13. Rae1 Nh5 14. Bh2 Qd8 15. Qe3 d6 16. Kh1 Ne7 17. Qg5 g6 18. Rd1 Be6 19. Bxe6 fxe6 20. g4 Ng7
21. e5 d5 22. Qh6 Rxf3 23. Rxf3 c5 24. dxc5 Bxc5 25. Rdf1 Nef5 26. gxf5 Nxf5 27. Qg5 Qxg5
0-1

[Event "Lions Cup Helsinki"]
[Site "SchemingMind.com"]
[Date "2015.02.01"]
[Round "-"]
[White "Goz"]
[Black "kenneth m day"]
[Result "0-1"]
[WhiteCountry "ENG"]
[BlackCountry "USA"]
[WhiteElo "1581"]
[WhiteRD "67"]
[BlackElo "1792"]
[BlackRD "50"]
[GameID "373963"]

1. d4 d5 2. e3 Nf6 3. Nc3 c5 4. Nf3 Nc6 5. Bb5 Bd7 6. Bxc6 Bxc6 7. O-O e6 8. Ne5 Be7 9. Nxc6 bxc6 10. Ne2 cxd4
11. exd4 O-O 12. b3 Ne4 13. c3 Bh4 14. g3 Bf6 15. f3 Nd6 16. a4 Qb6 17. Ba3 Be7 18. Bc5 Qc7 19. Nf4 Nb7 20. b4 Nxc5
21. dxc5 Qe5 22. Qd4 Bf6 23. Qxe5 Bxe5 24. Ne2 Rfd8 25. f4 Bf6 26. Rad1 h6 27. Nd4 Rdc8 28. Rd3 a5 29. Ra1 Kf8 30. h4 e5
31. fxe5 Bxe5 32. Nf5 axb4 33. cxb4 Bxa1 34. Nd6 Rc7 35. a5 Re7 36. Ra3 Bb2 37. Kh2 Bxa3
0-1

[Event "Lions Cup Helsinki"]
[Site "SchemingMind.com"]
[Date "2015.02.02"]
[Round "-"]
[White "Paul7926"]
[Black "kenneth m day"]
[Result "1/2-1/2"]
[WhiteCountry "ENG"]
[BlackCountry "USA"]
[WhiteElo "1384"]
[WhiteRD "78"]
[BlackElo "1792"]
[BlackRD "50"]
[GameID "373964"]

1. d4 Nf6 2. c4 e6 3. Nc3 Bb4 4. e3 O-O 5. Nf3 c5 6. Bd3 Nc6 7. O-O d5 8. Ne5 cxd4 9. exd4 dxc4 10. Bxc4 Qxd4
11. Qxd4 Nxd4 12. a3 Bd6 13. Bf4 a6 14. Rad1 Bxe5 15. Bxe5 Ng4 16. Bxd4 b5 17. Be2 e5 18. Bc5 Re8 19. h3 Nf6 20. Bf3 e4
21. Be2 Bb7 22. Bd4 Nd7 23. Be3 Nf6 24. f3 exf3 25. Rxf3 Bxf3 26. Bxf3 Rac8 27. b4 Rxe3 28. Nd5 Nxd5 29. Rxd5 Rxa3 30. Rd6 g6
31. Bg4 Kg7 32. Bxc8 Rb3 33. Bxa6 Rxb4 34. g4 Rb2 35. Rb6 f5 36. gxf5 gxf5 37. h4 Rb4 38. h5 Rh4 39. Bxb5 Rxh5 40. Rb7+ Kf6
41. Be8 Rg5+ 42. Kf2 h5 43. Rf7+ Ke5 44. Rh7 Kf4 45. Bxh5 Rg8 46. Bf3 Rb8 47. Rh4+ Ke5 48. Ke3 Rb3+ 49. Kf2 f4 50. Rh5+ Kd4
51. Bd5 Rb5 52. Kf3=
1/2-1/2

[Event "Lions Cup Helsinki"]
[Site "SchemingMind.com"]
[Date "2015.02.01"]
[Round "-"]
[White "kenneth m day"]
[Black "Chessibelle"]
[Result "1-0"]
[WhiteCountry "USA"]
[BlackCountry "ENG"]
[WhiteElo "1698"]
[WhiteRD "51"]
[BlackElo "1198"]
[BlackRD "57"]
[GameID "373965"]

1. e4 e5 2. f4 Nc6 3. Nf3 d6 4. Bc4 h6 5. O-O Nf6 6. Nc3 Bg4 7. h3 Bd7 8. fxe5 dxe5 9. Kh1 Bc5 10. a3 O-O
11. d3 Nd4 12. Nxd4 Bxd4 13. Ne2 Bc5 14. b4 Bd6 15. Be3 b6 16. Qd2 Nh5 17. Bxh6 Qe7 18. Bg5 Qe8 19. Qe3 Be6 20. Bxe6 Qxe6
21. Ng3 g6 22. Bh6 Ng7 23. Bg5 f6 24. Bh6 Rf7 25. Rf2 Raf8 26. Ne2 a6 27. Qg3 Nh5 28. Qxg6+ Rg7 29. Qxh5 Rff7 30. Bxg7 Rxg7
31. Raf1 Be7 32. Rf5 Qc6 33. c4 Qd6 34. Qe8+ Kh7 35. Rh5#
1-0

[Event "Lions Cup Helsinki"]
[Site "SchemingMind.com"]
[Date "2015.02.01"]
[Round "-"]
[White "ray winteringham"]
[Black "kenneth m day"]
[Result "0-1"]
[WhiteCountry "ENG"]
[BlackCountry "USA"]
[WhiteElo "1486"]
[WhiteRD "52"]
[BlackElo "1698"]
[BlackRD "51"]
[GameID "373966"]

1. e4 e5 2. Nf3 Nc6 3. g3 Nf6 4. d3 d5 5. exd5 Nxd5 6. Bg2 Bg4 7. c4 Nf6 8. Bg5 Be7 9. Nbd2 O-O 10. O-O Nd4
11. Be3 c5 12. Qc1 Ne2+
0-1

[Event "Lions Cup Helsinki"]
[Site "SchemingMind.com"]
[Date "2015.02.01"]
[Round "-"]
[White "kenneth m day"]
[Black "andrew.ritzmann"]
[Result "1-0"]
[WhiteCountry "USA"]
[BlackCountry "USA"]
[WhiteElo "1792"]
[WhiteRD "50"]
[BlackElo "1217"]
[BlackRD "101"]
[GameID "373967"]

1. e4 c6 2. c4 d5 3. cxd5 cxd5 4. exd5 Qxd5 5. d4 Nf6 6. Nc3 Qa5 7. Bd2 Nc6 8. Nf3 Bf5 9. Nb5 Qb6 10. Bc3 e6
11. Be2 Bb4 12. O-O Bxc3 13. bxc3 O-O 14. a4 Rfd8 15. Re1 Ne4 16. Nh4 Nxc3 17. Qd2 Ne4 18. Qe3 Nxd4 19. Nxf5 exf5 20. Nxd4 Qxd4
21. Qf4 g5 22. Qxf5 a5 23. Rad1 Qxa4 24. Bh5 Nd6 25. Qxg5+ Kf8 26. Qe7+ Kg7 27. Rxd6 Re8 28. Qxf7+ Kh8 29. Qf6+ Kg8 30. Bxe8 Rxe8
31. Rxe8+ Qxe8 32. Qe6+ Qxe6 33. Rxe6 b5 34. Re5 a4 35. Rxb5 a3 36. Ra5
1-0

[Event "Lions Cup Helsinki"]
[Site "SchemingMind.com"]
[Date "2015.02.02"]
[Round "-"]
[White "Hermeneutics"]
[Black "Beefmaster"]
[Result "1-0"]
[WhiteCountry "UKR"]
[BlackCountry "USA"]
[WhiteElo "1959"]
[WhiteRD "157"]
[BlackElo "1625"]
[BlackRD "107"]
[GameID "374010"]

1. d4 d5 2. c4 dxc4 3. e4 b5 4. a4 Ba6 5. axb5 Bxb5 6. Nc3 Nc6 7. Nxb5 a6 8. Nc3 e6 9. Nf3 Bb4 10. Bxc4 a5
11. O-O Nf6 12. Bb5 Qd7 13. Ne5 Qc8 14. Bxc6+ Ke7 15. Bxa8 Qxa8 16. f3 Rd8 17. Qa4 Rxd4 18. Nc6+ Kf8 19. Nxd4 Qa7 20. Qxb4+ c5
21. Rxa5 cxb4 22. Rxa7 bxc3 23. bxc3 g6 24. Bh6+ Ke8 25. Rb1 Nd7 26. Rbb7 f6 27. Rxd7 g5 28. Rxh7
1-0

[Event "Lions Cup Helsinki"]
[Site "SchemingMind.com"]
[Date "2015.02.02"]
[Round "-"]
[White "Clive Everill"]
[Black "Hermeneutics"]
[Result "0-1"]
[WhiteCountry "CZE"]
[BlackCountry "UKR"]
[WhiteElo "1665"]
[WhiteRD "55"]
[BlackElo "2013"]
[BlackRD "98"]
[GameID "374011"]

1. e4 c5 2. Nc3 a6 3. f4 b5 4. g3 Bb7 5. Bg2 e6 6. d3 d5 7. Qe2 Nc6 8. Nf3 Nd4 9. Nxd4 cxd4 10. Nd1 Rc8
11. O-O dxe4 12. Bxe4 Bd5 13. Bd2 Nf6 14. Bxd5 Qxd5 15. c3 Bc5 16. Qe5 dxc3+ 17. Be3 cxb2 18. Qxb2 Bxe3+ 19. Nxe3 Qxd3 20. Rae1 O-O
21. Qa1 h6 22. Ng2 Rc2 23. Rd1 Qc3 24. Qxc3 Rxc3 25. Rd6 a5 26. Rfd1 Rc2 27. R6d2 Rxd2 28. Rxd2 Rc8 29. Ne3 Kf8 30. f5 Ke7
31. fxe6 fxe6 32. Ng2 Rc1+ 33. Kf2 Ne4+
0-1

[Event "Lions Cup Helsinki"]
[Site "SchemingMind.com"]
[Date "2015.02.02"]
[Round "-"]
[White "Hermeneutics"]
[Black "Phillip Beckett"]
[Result "1-0"]
[WhiteCountry "UKR"]
[BlackCountry "ENG"]
[WhiteElo "2036"]
[WhiteRD "115"]
[BlackElo "1569"]
[BlackRD "46"]
[GameID "374012"]

1. d4 d5 2. Nf3 Nf6 3. c4 e6 4. Nc3 Be7 5. Bf4 c6 6. e3 Nbd7 7. h3 O-O 8. Qc2 dxc4 9. Bxc4 Nb6 10. Bb3 Nbd5
11. O-O Nxf4 12. exf4 Nd5 13. Ne2 Bd6 14. Ne5 f6 15. Nd3 Qe7 16. Rfe1 Nb4 17. Nxb4 Bxb4 18. Red1 Kh8 19. a3 Bd6 20. Ba2 Qc7
21. Qe4 e5 22. fxe5 fxe5 23. d5 cxd5 24. Qxd5 Rd8 25. Rac1 Qe7 26. Ng3 Bc7 27. Qc4 Bb6 28. Re1 Bd7 29. Qe4 Bc6 30. Qxe5 Qd7
31. Bb1 Bc7 32. Qh5 h6 33. Qg6
1-0

[Event "Lions Cup Helsinki"]
[Site "SchemingMind.com"]
[Date "2015.02.02"]
[Round "-"]
[White "Goz"]
[Black "Hermeneutics"]
[Result "0-1"]
[WhiteCountry "ENG"]
[BlackCountry "UKR"]
[WhiteElo "1581"]
[WhiteRD "67"]
[BlackElo "2036"]
[BlackRD "115"]
[GameID "374013"]

1. d4 Nf6 2. Bg5 d5 3. Bxf6 exf6 4. e3 Bd6 5. g3 O-O 6. Bg2 c6 7. Ne2 Be6 8. Nf4 f5 9. Nc3 Nd7 10. O-O Nf6
11. h3 Ne4 12. Nxe6 fxe6 13. Nxe4 fxe4 14. Qe1 Qg5 15. c3 Rf7 16. f4 exf3 17. Rxf3 Rxf3 18. Bxf3 Bxg3 19. Qe2 Bf4+ 20. Kf1 Bxe3
21. Bg4 Rf8+ 22. Ke1 Rf6 23. Kd1 Rf2 24. Qd3 Rd2+ 25. Qxd2 Bxd2 26. Kc2 Kf7 27. Rd1 Bf4 28. Re1 e5 29. dxe5 Bxe5 30. Bc8 b6
31. Bb7 Ke7 32. Bxc6 Qg6+ 33. Kb3 Qxc6 34. Rxe5+ Kf6 35. Re3 Qc4+ 36. Ka3 Qc5+
0-1

[Event "Lions Cup Helsinki"]
[Site "SchemingMind.com"]
[Date "2015.02.02"]
[Round "-"]
[White "Hermeneutics"]
[Black "kenneth m day"]
[Result "1/2-1/2"]
[WhiteCountry "UKR"]
[BlackCountry "USA"]
[WhiteElo "2013"]
[WhiteRD "98"]
[BlackElo "1769"]
[BlackRD "52"]
[GameID "374014"]

1. d4 d5 2. Nf3 Nf6 3. c4 e6 4. Nc3 c5 5. cxd5 exd5 6. g3 Nc6 7. Bg2 Be7 8. O-O O-O 9. Bg5 Be6 10. dxc5 Bxc5
11. Rc1 Be7 12. Nd4 Ne5 13. Ncb5 Bd7 14. Nc7 Rc8 15. Bxf6 Bxf6 16. Nxd5 Re8 17. Nxf6+ Qxf6 18. Bxb7 Rb8 19. Bg2 Rxb2 20. a4 Reb8
21. Nf3 Be6 22. Nxe5 Qxe5 23. e3 h6 24. Qd4 Qxd4 25. exd4 R8b4 26. d5 Bd7 27. Rc7 Bxa4 28. Rxa7 Rd2 29. h3=
1/2-1/2

[Event "Lions Cup Helsinki"]
[Site "SchemingMind.com"]
[Date "2015.02.02"]
[Round "-"]
[White "Hermeneutics"]
[Black "ray winteringham"]
[Result "1-0"]
[WhiteCountry "UKR"]
[BlackCountry "ENG"]
[WhiteElo "1959"]
[WhiteRD "157"]
[BlackElo "1486"]
[BlackRD "52"]
[GameID "374015"]

1. d4 d5 2. c4 dxc4 3. Nf3 Nf6 4. Nc3 Bd7 5. e4 e6 6. Bxc4 c6 7. O-O Bb4 8. Re1 O-O 9. a3 Ba5 10. Bg5 h6
11. Bh4 g5 12. Nxg5 hxg5 13. Bxg5 Kg7 14. e5 Kg6 15. Bxf6 Qc7 16. Qg4+
1-0

[Event "Lions Cup Helsinki"]
[Site "SchemingMind.com"]
[Date "2015.02.02"]
[Round "-"]
[White "Paul7926"]
[Black "Hermeneutics"]
[Result "0-1"]
[WhiteCountry "ENG"]
[BlackCountry "UKR"]
[WhiteElo "1384"]
[WhiteRD "78"]
[BlackElo "2036"]
[BlackRD "115"]
[GameID "374016"]

1. d4 Nf6 2. c4 e6 3. Nc3 Bb4 4. Nf3 b6 5. e3 Ne4 6. Bd2 Bxc3 7. Bxc3 Nxc3 8. bxc3 Nc6 9. d5 Na5 10. Bd3 Bb7
11. Qc2 h6 12. O-O exd5 13. cxd5 Bxd5 14. e4 Bb7 15. Rab1 O-O 16. Rfd1 Qe7 17. Bb5 Qxe4 18. Qxe4 Bxe4 19. Bd3 Bxf3 20. gxf3 Rad8
21. Re1 Rfe8 22. Kf1 Rxe1+ 23. Rxe1 Kf8 24. Re4 Re8 25. Ke2 d5 26. Rxe8+ Kxe8 27. Ke3 c5 28. Bb5+ Ke7 29. Kf4 Ke6 30. h3 Nb7
31. c4 d4 32. Bc6 Nd6 33. Bd5+ Kf6 34. h4 g5+ 35. hxg5+ hxg5+ 36. Kg4 Kg6 37. f4 f5+ 38. Kg3 Ne4+ 39. Bxe4 fxe4 40. fxg5 d3
0-1

[Event "Lions Cup Helsinki"]
[Site "SchemingMind.com"]
[Date "2015.02.01"]
[Round "-"]
[White "Hermeneutics"]
[Black "Chessibelle"]
[Result "1-0"]
[WhiteCountry "UKR"]
[BlackCountry "ENG"]
[WhiteElo "1959"]
[WhiteRD "157"]
[BlackElo "1198"]
[BlackRD "57"]
[GameID "374017"]

1. d4 d5 2. Nf3 Nf6 3. c4 Nc6 4. Nc3 Bd7 5. cxd5 Nb4 6. e4 c6 7. a3 Na6 8. dxc6 Bxc6 9. d5 Bd7 10. Bc4 Qb6
11. O-O g6 12. Qe2 Bg7 13. Be3 Qd6 14. e5 Qc7 15. exf6 Bxf6 16. Rac1 O-O 17. Bxa6 b6 18. Ne4 Qd8 19. Nxf6+ exf6 20. Bh6 Re8
21. Qd2 f5 22. Bf4 b5 23. Bb7 Rb8 24. Bxb8 Qxb8 25. Bc6 Bxc6 26. dxc6 Qc7 27. Qd7
1-0

[Event "Lions Cup Helsinki"]
[Site "SchemingMind.com"]
[Date "2015.02.02"]
[Round "-"]
[White "andrew.ritzmann"]
[Black "Hermeneutics"]
[Result "0-1"]
[WhiteCountry "USA"]
[BlackCountry "UKR"]
[WhiteElo "1217"]
[WhiteRD "101"]
[BlackElo "2036"]
[BlackRD "115"]
[GameID "374018"]

1. d4 Nf6 2. Nf3 e6 3. c4 b6 4. g3 Ba6 5. e3 Be7 6. b3 O-O 7. Bg2 c6 8. Nc3 d5 9. O-O dxc4 10. bxc4 Bxc4
11. Re1 Nbd7 12. Qa4 b5 13. Qc2 Nd5 14. e4 Nxc3 15. Qxc3 a5 16. e5 Bb4 17. Qe3 Bxe1 18. Nxe1 Rc8 19. a3 Nb6 20. Nf3 Nd5
21. Qe4 h6 22. a4 b4 23. Bf1 Bxf1 24. Kxf1 f5 25. exf6 Qxf6 26. h4 Qxf3 27. Qxe6+ Kh7 28. Be3 Nxe3+ 29. Ke1 Qxf2#
0-1

[Event "Lions Cup Helsinki"]
[Site "SchemingMind.com"]
[Date "2015.02.05"]
[Round "-"]
[White "shg"]
[Black "Phillip Beckett"]
[Result "1-0"]
[WhiteCountry "POL"]
[BlackCountry "ENG"]
[WhiteElo "1977"]
[WhiteRD "142"]
[BlackElo "1541"]
[BlackRD "49"]
[GameID "374207"]

1. c4 e5 2. Nc3 Nf6 3. Nf3 Nc6 4. g3 d5 5. cxd5 Nxd5 6. d4 Nxc3 7. bxc3 exd4 8. cxd4 Bb4+ 9. Bd2 Bxd2+ 10. Qxd2 O-O
11. d5 Ne7 12. e4 Re8 13. Bb5 c6 14. dxc6 Qxd2+ 15. Kxd2 Nxc6 16. Nd4 Bd7 17. Nxc6 Bxc6 18. Bxc6 bxc6 19. f3 Red8+ 20. Kc3 Rac8
21. Rab1 Rd7 22. Rhd1 Rxd1 23. Rxd1 Kf8 24. Rd7 a5 25. Ra7 c5 26. Rxa5 Ke7 27. a4 Rc6 28. Ra7+ Kf6 29. a5 c4 30. a6 Kg6
31. Ra8 f5 32. a7 fxe4 33. Rb8 exf3 34. a8=Q
1-0

[Event "Lions Cup Helsinki"]
[Site "SchemingMind.com"]
[Date "2015.02.06"]
[Round "-"]
[White "Beefmaster"]
[Black "shg"]
[Result "0-1"]
[WhiteCountry "USA"]
[BlackCountry "POL"]
[WhiteElo "1625"]
[WhiteRD "107"]
[BlackElo "1977"]
[BlackRD "142"]
[GameID "374208"]

1. d4 d6 2. e4 Nf6 3. Nc3 g6 4. d5 Bg7 5. Be2 e6 6. Bb5+ c6 7. dxc6 bxc6 8. Ba4 O-O 9. Nge2 d5 10. e5 Nfd7
11. Bf4 Nxe5 12. Qd2 Nc4 13. Qc1 d4 14. Ne4 Qa5+ 15. c3 Qxa4 16. b3 Qa5 17. O-O d3 18. Nd4 e5 19. bxc4 exf4 20. Qxf4 Bd7
21. Rfd1 f5 22. Nd6 Be5 23. Qg5 Qxc3 24. Ne2 dxe2 25. Re1 Bxd6 26. Rxe2 Qxa1+
0-1

[Event "Lions Cup Helsinki"]
[Site "SchemingMind.com"]
[Date "2015.02.09"]
[Round "-"]
[White "andrew.ritzmann"]
[Black "shg"]
[Result "0-1"]
[WhiteCountry "USA"]
[BlackCountry "POL"]
[WhiteElo "1204"]
[WhiteRD "103"]
[BlackElo "2172"]
[BlackRD "96"]
[GameID "374209"]

1. d4 Nf6 2. c4 e6 3. Nc3 Bb4 4. e3 O-O 5. Bd3 d5 6. Nf3 c5 7. O-O dxc4 8. Bxc4 cxd4 9. exd4 b6 10. Bg5 Bb7
11. a3 Bxc3 12. bxc3 Nbd7 13. Bxf6 Nxf6 14. Ng5 Qc7 15. Qd3 Rfc8 16. Rfe1 Qxc4 17. Qxc4 Rxc4 18. Rac1 Rac8 19. Re3 Nd5 20. Rd3 Nf4
21. Re3 Nxg2 22. Rd3 Nf4 23. Re3 h6 24. Ne4 Rxd4 25. Ng3 g5 26. f3 Rd2 27. Ne4 Re2 28. Nf6+ Kf8 29. Ng4 Rxe3 30. Nxe3 Ne2+
31. Kf2 Nxc1 32. Kg3 Rxc3
0-1

[Event "Lions Cup Helsinki"]
[Site "SchemingMind.com"]
[Date "2015.02.05"]
[Round "-"]
[White "shg"]
[Black "Hermeneutics"]
[Result "1-0"]
[WhiteCountry "POL"]
[BlackCountry "UKR"]
[WhiteElo "2274"]
[WhiteRD "73"]
[BlackElo "2013"]
[BlackRD "98"]
[GameID "374210"]

1. c4 e6 2. d4 Nf6 3. Bg5 h6 4. Bf4 b6 5. Nc3 Bb7 6. d5 Bb4 7. Bd2 O-O 8. f3 Bxc3 9. Bxc3 exd5 10. e3 c6
11. Nh3 dxc4 12. Bxc4 d5 13. Bb3 Nbd7 14. O-O Qe7 15. Re1 Rfe8 16. Nf4 Nc5 17. Bc2 Rad8 18. Qd2 Ne6 19. Rac1 Nxf4 20. exf4 Qf8
21. Bxf6 gxf6 22. Qd3 Qg7 23. Qa3 a6 24. Qb4 b5 25. Kf1 Qf8 26. Qd4 Re6 27. Qb6 Qe7 28. Bf5 Rdd6 29. Bxe6 fxe6 30. Re2 Kf7
31. a3 Qd7 32. Kf2 d4 33. Rd1 Rd5 34. b4 e5 35. fxe5 fxe5 36. f4 Bc8 37. Rxe5 d3 38. Rxd5 Qxd5 39. Qc7+ Bd7 40. Ke3 Qe6+
41. Qe5
1-0

[Event "Lions Cup Helsinki"]
[Site "SchemingMind.com"]
[Date "2015.02.05"]
[Round "-"]
[White "shg"]
[Black "Clive Everill"]
[Result "1-0"]
[WhiteCountry "POL"]
[BlackCountry "CZE"]
[WhiteElo "1977"]
[WhiteRD "142"]
[BlackElo "1676"]
[BlackRD "55"]
[GameID "374211"]

1. c4 Nf6 2. d4 g6 3. Nc3 d5 4. cxd5 Nxd5 5. e4 Nxc3 6. bxc3 Bg7 7. Bc4 b6 8. h4 Ba6 9. Bxa6 Nxa6 10. Nf3 Qd7
11. h5 O-O-O 12. h6 Bf8 13. Ne5 Qe6 14. Qb3 Rd6 15. Nxf7 Qxe4+ 16. Be3 Qxg2 17. O-O-O Bxh6 18. Rxh6 Rhd8 19. Nxd8 Rxd8 20. Rxh7 Qe4
21. Qa3 Kb7 22. Qxe7 Qd5 23. Rd2 Rc8 24. Qf7 Qa5 25. Qf3+ Kb8 26. Qc6 Qa3+ 27. Kb1 Rd8 28. Bf4 Rc8 29. Rb2 Qf8 30. Rxb6+ axb6
31. Qxb6+ Ka8 32. Qxa6+ Kb8 33. Bxc7+ Rxc7 34. Qb6+
1-0

[Event "Lions Cup Helsinki"]
[Site "SchemingMind.com"]
[Date "2015.02.09"]
[Round "-"]
[White "shg"]
[Black "Goz"]
[Result "1-0"]
[WhiteCountry "POL"]
[BlackCountry "ENG"]
[WhiteElo "2172"]
[WhiteRD "96"]
[BlackElo "1592"]
[BlackRD "62"]
[GameID "374212"]

1. c4 e5 2. Nc3 Nf6 3. Nf3 d6 4. d4 exd4 5. Nxd4 g6 6. e4 Bg7 7. Be2 O-O 8. Be3 Re8 9. f3 c5 10. Ndb5 Bf8
11. Bg5 Be7 12. e5 Nh5 13. Bxe7 Rxe7 14. Qxd6 Qxd6 15. exd6 Re3 16. Nc7 Nf4 17. Nxa8 Nc6 18. Kf2 Re8 19. Nc7 Rd8 20. Rad1 Nd4
21. b4 Rxd6 22. bxc5 Rd7 23. N7d5 Ndxe2 24. Nxe2 Nxd5 25. cxd5 Rd8 26. c6 b6 27. d6 Kf8 28. d7
1-0

[Event "Lions Cup Helsinki"]
[Site "SchemingMind.com"]
[Date "2015.02.06"]
[Round "-"]
[White "kenneth m day"]
[Black "shg"]
[Result "0-1"]
[WhiteCountry "USA"]
[BlackCountry "POL"]
[WhiteElo "1792"]
[WhiteRD "50"]
[BlackElo "2314"]
[BlackRD "74"]
[GameID "374213"]

1. e4 e6 2. d4 d5 3. Nd2 dxe4 4. Nxe4 Nd7 5. Nf3 Ngf6 6. Nxf6+ Nxf6 7. Bg5 Be7 8. Qd2 Bd7 9. O-O-O Bc6 10. Bc4 O-O
11. Rhg1 h6 12. Bxf6 Bxf6 13. Ne5 Bxe5 14. dxe5 Qh4 15. Bd3 Qxh2 16. Rh1 Qxe5 17. Rde1 Qf6 18. f3 Rfd8 19. Qe3 Rd7 20. Qf2 Rad8
21. Qg3 a6 22. Re5 Bb5 23. Reh5 Kf8 24. Bxb5 axb5 25. Rxb5 Qd4 26. Qe1 Qf4+ 27. Kb1 Qh2 28. a3 Qxg2 29. Qb4+ Ke8 30. Re1 Rd1+
31. Rxd1 Rxd1+ 32. Ka2 Qxc2 33. Rxb7 Qb1+ 34. Kb3 Rd3+ 35. Kc4 Qc2+
0-1

[Event "Lions Cup Helsinki"]
[Site "SchemingMind.com"]
[Date "2015.02.05"]
[Round "-"]
[White "ray winteringham"]
[Black "shg"]
[Result "0-1"]
[WhiteCountry "ENG"]
[BlackCountry "POL"]
[WhiteElo "1486"]
[WhiteRD "52"]
[BlackElo "1977"]
[BlackRD "142"]
[GameID "374214"]

1. e4 e6 2. d4 d5 3. e5 c5 4. Nf3 Nc6 5. c3 Bd7 6. Be2 Nge7 7. Bg5 Qb6 8. Qc2 cxd4 9. cxd4 Nf5 10. Be3 Rc8
11. Qb3 Bb4+ 12. Bd2 Bxd2+ 13. Nbxd2 Ncxd4 14. Qxb6 axb6 15. O-O Nxe2+ 16. Kh1 Rc2 17. b3 O-O 18. g4 Nfd4 19. Nxd4 Nxd4 20. Rfd1 Ra8
21. Nf1 Nf3 22. Rac1 Rxf2 23. Rc7 Bb5 24. Rdc1 Rxf1+ 25. Kg2 Ne1+ 26. Kh3 Rf3+ 27. Kh4 Ng2+ 28. Kh5 Rh3+ 29. Kg5 h6#
0-1

[Event "Lions Cup Helsinki"]
[Site "SchemingMind.com"]
[Date "2015.02.07"]
[Round "-"]
[White "shg"]
[Black "Paul7926"]
[Result "1-0"]
[WhiteCountry "POL"]
[BlackCountry "ENG"]
[WhiteElo "2172"]
[WhiteRD "96"]
[BlackElo "1363"]
[BlackRD "76"]
[GameID "374215"]

1. c4 e5 2. Nc3 Nf6 3. g3 Nc6 4. Bg2 Bc5 5. e3 O-O 6. Nge2 d5 7. Nxd5 Bg4 8. Qb3 Bxe2 9. Kxe2 Nxd5 10. cxd5 Na5
11. Qc3 b6 12. b4 Nb7 13. bxc5 Nxc5 14. Ba3 Qd6 15. Bxc5 bxc5 16. Rhc1 Rab8 17. Qxc5 Qxc5 18. Rxc5 g6 19. Rac1 Rfc8 20. d6 Rb6
21. Rc6 Rxc6 22. Rxc6 Kg7 23. Bh3 Rf8 24. dxc7
1-0

[Event "Lions Cup Helsinki"]
[Site "SchemingMind.com"]
[Date "2015.02.05"]
[Round "-"]
[White "Chessibelle"]
[Black "shg"]
[Result "0-1"]
[WhiteCountry "ENG"]
[BlackCountry "POL"]
[WhiteElo "1198"]
[WhiteRD "57"]
[BlackElo "1977"]
[BlackRD "142"]
[GameID "374216"]

1. Nf3 d5 2. d4 Nf6 3. e3 e6 4. Nc3 c5 5. Bb5+ Bd7 6. Bd3 c4 7. Be2 b5 8. b3 Bb4 9. Bd2 Qa5 10. g3 Bxc3
11. Rb1 Bxd2+ 12. Nxd2 Nc6 13. O-O O-O 14. Bf3 c3 15. Be2 cxd2 16. Ra1 Ne7 17. Bd3 Rfc8 18. f3 Qc3 19. Qe2 Nc6 20. f4 Nb4
21. Bxb5 Bxb5 22. Qxb5 Qxe3+ 23. Rf2 Rxc2 24. Qf1 Rc1
0-1